|
|
|
|
| LEADER |
00815nab a2200205 i 4500 |
| 001 |
misc66357 |
| 005 |
20221003115427.0 |
| 008 |
220426s1929 hu o 0|| hun d |
| 040 |
|
|
|a SZTE Miscellanea Repozitórium
|b hun
|
| 041 |
|
|
|a hun
|
| 100 |
1 |
|
|a Iványi Béla
|
| 245 |
1 |
2 |
|a A Szent Domonkos-rend római központi levéltára
|h [elektronikus dokumentum] :
|b részletek a magyar dominikánus provincia múltjából /
|c Iványi Béla
|
| 260 |
|
|
|a Kir. M. Egyet. Ny
|b Budapest
|c 1929
|
| 300 |
|
|
|a 30 p.
|c 23 cm
|
| 561 |
|
|
|a Németh Gyula hagyaték
|
| 591 |
|
|
|a VB 30573; NOV 2444
|
| 650 |
|
4 |
|a Bölcsészettudományok
|
| 650 |
|
4 |
|a Történettudomány és régészet
|
| 695 |
|
|
|a Levéltár, Domonkos-rend - Magyarország
|
| 856 |
4 |
0 |
|u http://misc.bibl.u-szeged.hu/66357/1/2444_nov_i95_01.pdf
|z Dokumentum-elérés
|